Estadísticas para Escudos de fútbol: Alemania

Haz click aquí para intentar la prueba.

Estadísticas generales

  • Esta prueba ha sido intentada 116 veces
  • La puntuación promedio es 12 de 14

Estadísticas de respuestas

Respuesta% Correcto
Borussia Dortmund
98%
Colonia
96%
Eintracht Frankfurt
96%
Schalke 04
95%
Wolfsburgo
95%
Werder Bremen
94%
Hamburgo
91%
Mainz 05
89%
Borussia Mönchengladbach
87%
Stuttgart
86%
Friburgo
85%
Hannover 96
83%
Augsburgo
71%
Fortuna Düsseldorf
66%

Distribución de puntuación

Porcentaje por número respondido

Porcentaje de gente con cada puntuación

Historial de tus puntuaciones

No has intentado esta prueba.